00536 2200193 4500001002100000005001500021035002000036007000300056008004100059082000800100084001400108100002800122245008100150250001000231260004200241300002900283650001700312990001300329INLIS00000000000010920170911023655 a0010-0917000095ta170911 0 ind  a297 a297 MUK k0 aMukaffi Al- Abdurrahman1 aKategori Acara Tv & Media Cetak Haram di Indonesia /cAbdurrahman al-Mukaffi aCet.1 aJakarta Timur :bDarul Falah,c1421 H a160 hlm ;c11,5 x17,5 cm aMedia Berita a13994504